|
|
|
|
| LEADER |
00000nam0a2200000 4500 |
| 001 |
5900 |
| 005 |
20231030175825.0 |
| 010 |
|
|
|a 9856403014
|
| 035 |
|
|
|a (RuTPU)RU\TPU\book\5929
|
| 035 |
|
|
|a BOOK00005981
|
| 090 |
|
|
|a 5900
|
| 100 |
|
|
|a 20011209d1997 m y0rusy50 ca
|
| 101 |
0 |
|
|a eng
|a rus
|
| 102 |
|
|
|a BY
|
| 105 |
|
|
|a y j 000zy
|
| 200 |
1 |
|
|a Перевод технической литературы с английского на русский
|e учебное пособие
|f А. А. Вейзе, Н. Б. Киреев, И. К. Мирончиков
|
| 210 |
|
|
|a Минск
|c Киреев
|d 1997
|
| 215 |
|
|
|a 112 с.
|
| 610 |
1 |
|
|a английский язык
|
| 610 |
1 |
|
|a переводы
|
| 610 |
1 |
|
|a технические переводы
|
| 610 |
1 |
|
|a учебные пособия
|
| 686 |
|
|
|a Ш143.21-923.7
|v LBC/SL-A
|2 rubbk
|
| 700 |
|
1 |
|a Вейзе
|b А. А.
|g Аполлон Анатольевич
|
| 701 |
|
1 |
|a Киреев
|b Н. Б.
|g Николай Борисович
|
| 701 |
|
1 |
|a Мирончиков
|b И. К.
|g Игорь Константинович
|
| 801 |
|
0 |
|a RU
|b 63413507
|c 20011209
|g PSBO
|
| 801 |
|
2 |
|a RU
|b 63413507
|c 20130722
|g PSBO
|
| 942 |
|
|
|c BK
|